000
00219nam a2200085Ia 4500
245
0
_a
Old city hall
100
_a
ROTENBERG, Robert London, 2009
_9
81753
942
_c
BK
008
210817s9999 xx 000 0 und d
999
_c
292770
_d
292769